01356nam a22003137i 4500003000900000005001700009007000300026008004100029040003000070082002100100111010900121245005000230246004300280264006900323300003800392336002700430337003300457338002800490500004300518590002600561611010700587650006600694650006800760650005600828910000700884942001300891952012100904999001701025DO-SdBNP20230530110643.0ta221020b1990 dr ||||| |||| 00| 0 spa d aDO-SdBNPbspacBNPHUerda 4a021.7bF356d2222 aFeria Nacional del LibrocSanto Domingo, República Dominicana)ddel 20 al 30 de octubre de 199097268810aXVIII Feria Nacional del Libro Cesar Herrera13aDecimooctava Feria Nacional del Libro  aSanto Domingo :bComision Permanente de la Feria del Libroc1990 a47 paginas :bilustrado ;c21 cm. 2rdacontentatextobtxt 2rdamediaasin mediaciónbn 2rdacarrieravolumenbnc aDedicado a la memoria de Cesar Herrera aInventariado, 2023/DG24aFeria internacional del libron(17ª :d2014 :cSanto Domingo, Republica Dominicana)xProgramas972689 4aIndustria del librozRepública DominicanaxProgramas955292 4aFeria del librozRepública Dominicanay1990xProgramas972690 4aLibrosxExposicioneszRepública Dominicana933375 aDG 2ddccLF2 00102ddc51708PD-FaBNPHUbBNPHUcCTd2023-05-30l0oBNPHU PD 021.7 F356dp2023-2116r2023-05-30w2023-05-30yLF2 c53655d53655